Welcome to the Holygrace Academy Library

Please use search bar below to get started

POKEMON (Record no. 3153)

MARC details
000 -LEADER
fixed length control field 00367nam a22001577a 4500
020 ## - INTERNATIONAL STANDARD BOOK NUMBER
ISBN 0-439-15421-9
082 ## - DEWEY DECIMAL CLASSIFICATION NUMBER
Classification number 823
Item number WES/P
100 ## - MAIN ENTRY--AUTHOR NAME
Personal name WEST, TRACEY
245 ## - TITLE STATEMENT
Title POKEMON
Remainder of title CHARIZARD FO
246 ## - VARYING FORM OF TITLE
Title proper/short title POKEMON
Remainder of title CHARIZARD FO
260 ## - PUBLICATION, DISTRIBUTION, ETC. (IMPRINT)
Place of publication LONDON
Name of publisher SCHOLASTIC CHILDREN'S BOOKS
Year of publication 2000
300 ## - PHYSICAL DESCRIPTION
Number of Pages 88
520 ## - SUMMARY, ETC.
Summary, etc SHORT STORY
650 ## - SUBJECT ADDED ENTRY--TOPICAL TERM
Topical Term SHORT STORY
942 ## - ADDED ENTRY ELEMENTS (KOHA)
Koha item type Books
Holdings
Withdrawn status Lost status Collection code Home library Current library Shelving location Date acquired Source of acquisition Cost, normal purchase price Full call number Accession Number Koha item type
    Fiction Main Library Main Library SHELF 4-G FAIRY TALES,COMICS 25/10/2019 Purchase 40.00 823 WES/P 11759 Books